Регионална библиотека "Любен Каравелов" - Русе

Изгрев (Запис номер 445124)

MARC детайли
000 -Лидер
Контролно поле с фиксирана дължина nam a22 a 4500
003 - Код на организацията, давaща контролен номер
Контролно поле BLK
005 - Дата и час на последна редакция
Контролно поле 20220217115704.0
008 - Елементи от данни с фиксирана дължина
fixed length control field 220217b bu |||||r|||| 00| 0 bu d
020 ## - Международен стандартен номер на книга ISBN
Международен стандартен номер на книга ISBN 9789543374380
040 ## - Източник на каталожния запис
Идентификатор на билиотеката - собственик на записа BLK
041 ## - Код за език
Код за езика на текст/звукозапис или на отделно заглавие Български
Код за езика КДБФ Български
080 ## - УДК
Текстов определител УДК Българска литература
УДК код - определител по УДК 821.163.2
УДК определител -32
УДК - код + определител 821.163.2-32
100 ## - Редна дума - Автор
R(LIN) 348210
Автор Якова, Анастасия
Авторска отговорност първи автор
139 ## - Редно поле
Редна дума Якова, Анастасия
245 ## - Сведения за заглавието
Заглавие Изгрев
Подзаглавни данни разкази
Редно поле (дума) Анастасия Якова
260 ## - Област на издателските данни
9 (RLIN) 209556
Място на издаване, разпространение и проч. Русе
Име на издателя, разпространителя и проч. Авангард принт
Година на издаване 2021
Издателство - префикс ISBN 978-954-337- ; 954-9548-
300 ## - Физическа характеристика
Страници 56 с.
Размери/Мащаб 21 см
380 ## - Жанр
Жанр Худож. лит.
852 ## - Местоположение
Фондова буква Основен фонд - ползва се само за читалня
999 ## - СИСТЕМНИ КОНТРОЛНИ НОМЕРА
Koha biblionumber 445124
Koha biblioitemnumber 445124
942 ## - АРТИКУЛИ
Вид на библиотечния материал Книги
Скрит в OPAC Не
Периодичен библиозапис Да
944 ## - СЪЗДАВАНЕ И РЕДАКЦИЯ на ЗАПИСА
Създаване/Редакция Създаване
Дата на регистрацията/редакция 2022-02-17
Служител, извършил регистрацията/редакцията Микаела Микова - Илиева
Статус, дата на статуса 2022-02-17
Наличности
Код за отписване Код за изгубен артикул Източник на класификационната схема Код за повреда Коз за рестрикции Код за отдаване Артикулен № Име на библиотеката - собственик Име на библиотеката, в която се намира в момента Статус (Текущо местоположение) Дата на вписване в системата Местоположение - отдел Цена в лева Систематично азбучна сигнатура Баркод Цена в евро Служебен тип на артикула
  Не е изгубен Universal Decimal Classification Не е повреден само за читалня ползва се в читалня 872692 Регионална библиотека "Любен Каравелов" Русе Регионална библиотека "Любен Каравелов" Русе Хранилище 2022-02-18 Основен фонд - ползва се само за читалня 5.00 Цб 311325 120000866211 2.56 Книги
Vip Innovations Ltd, Rousse, Bulgaria 2025